[Event "IECG WC.2005.F.00001 email"]
[Site "IECG email"]
[Date "2006.06.05"]
[Round "?"]
[White "Hotting, Arend"]
[Black "Niessen, Thomas"]
[Result "0-1"]
[WhiteElo "2476"]
[BlackElo "2473"]
[PlyCount "33"]
[EventDate "2006.06.05"]
[EventType "tourn (corr)"]
[EventRounds "14"]
[SourceTitle "Corr 2008"]
[Source "ChessBase"]
[SourceDate "2008.06.24"]
[SourceVersion "1"]
[SourceVersionDate "2008.06.24"]
[SourceQuality "1"]

1. e4 e5 2. Nf3 Nc6 3. Bb5 a6 4. Ba4 Nf6 5. 0-0 Be7 6. Re1 b5 7. Bb3 d6 8. c3 0-0 9. h3 Bb7 10. d4 Re8 11. a4 h6 12. Nbd2 Bf8 13. Bc2 exd4 14. cxd4 Nb4 15. Bb1 c5 16. d5 Nd7 17. Ra3 0-1

[Event "IECG WC.2005.F.00001 email"]
[Site "IECG email"]
[Date "2006.06.05"]
[Round "?"]
[White "Kasperek, Ryszard"]
[Black "Niessen, Thomas"]
[Result "0-1"]
[WhiteElo "2519"]
[BlackElo "2473"]
[PlyCount "38"]
[EventDate "2006.06.05"]
[EventType "tourn (corr)"]
[EventRounds "14"]
[SourceTitle "Corr 2008"]
[Source "ChessBase"]
[SourceDate "2008.06.24"]
[SourceVersion "1"]
[SourceVersionDate "2008.06.24"]
[SourceQuality "1"]

1. e4 e5 2. Nf3 Nc6 3. Bb5 a6 4. Ba4 Nf6 5. 0-0 Be7 6. Re1 b5 7. Bb3 d6 8. c3 0-0 9. h3 Bb7 10. d4 Re8 11. Nbd2 Bf8 12. a4 h6 13. Bc2 exd4 14. cxd4 Nb4 15. Bb1 c5 16. d5 Nd7 17. Ra3 f5 18. Nh2 Qe7 19. Rf3 Bxd5 0-1

[Event "IECG WC.2005.F.00001 email"]
[Site "IECG email"]
[Date "2006.06.05"]
[Round "?"]
[White "Kordts, Wolfgang"]
[Black "Niessen, Thomas"]
[Result "1/2-1/2"]
[WhiteElo "2465"]
[BlackElo "2473"]
[PlyCount "49"]
[EventDate "2006.06.05"]
[EventType "tourn (corr)"]
[EventRounds "14"]
[SourceTitle "Corr 2008"]
[Source "ChessBase"]
[SourceDate "2008.06.24"]
[SourceVersion "1"]
[SourceVersionDate "2008.06.24"]
[SourceQuality "1"]

1. d4 Nf6 2. c4 e6 3. g3 d5 4. Bg2 dxc4 5. Nf3 Nc6 6. 0-0 Rb8 7. Nc3 a6 8. e4 Be7 9. Qe2 Nxd4 10. Nxd4 Qxd4 11. Rd1 Qc5 12. e5 Nd7 13. Ne4 Qb5 14. a4 Qa5 15. Bd2 Bb4 16. Qxc4 Bxd2 17. Rxd2 b5 18. Qc6 0-0 19. f4 bxa4 20. Rxa4 Qb6+ 21. Qxb6 Nxb6 22. Ra2 Bb7 23. Nc5 Bxg2 24. Rxg2 Rfd8 25. Rc2 1/2-1/2

[Event "IECG WC.2005.T.00006 email"]
[Site "IECG email"]
[Date "2004.12.15"]
[Round "?"]
[White "Myers, David Robert"]
[Black "Niessen, Thomas"]
[Result "1/2-1/2"]
[WhiteElo "2368"]
[BlackElo "2467"]
[PlyCount "59"]
[EventDate "2004.12.15"]
[EventType "tourn (corr)"]
[EventRounds "10"]
[SourceTitle "Corr 2008"]
[Source "ChessBase"]
[SourceDate "2008.06.24"]
[SourceVersion "1"]
[SourceVersionDate "2008.06.24"]
[SourceQuality "1"]

1. e4 c5 2. Nf3 d6 3. d4 cxd4 4. Nxd4 Nf6 5. Nc3 a6 6. Be3 e5 7. Nb3 Be6 8. f3 Nbd7 9. Qd2 b5 10. a4 b4 11. Nd5 Bxd5 12. exd5 Nb6 13. Bxb6 Qxb6 14. a5 Qb7 15. Bc4 g6 16. Ra4 Rb8 17. Qd3 Ra8 18. Qd2 Rb8 19. Nc1 h5 20. Na2 Bh6 21. Qe2 b3 22. Bxb3 Nd7 23. 0-0 0-0 24. Kh1 Rfc8 25. Rb4 Qc7 26. Qxa6 Nc5 27. Qc6 Qxa5 28. Rxb8 Rxb8 29. Qxd6 Rd8 30. Qe7 1/2-1/2

[Event "IECG WC.2005.T.00006 email"]
[Site "IECG email"]
[Date "2004.12.15"]
[Round "?"]
[White "Niessen, Thomas"]
[Black "Marcotulli, Giancarlo"]
[Result "1-0"]
[WhiteElo "2467"]
[BlackElo "2267"]
[PlyCount "107"]
[EventDate "2004.12.15"]
[EventType "tourn (corr)"]
[EventRounds "10"]
[SourceTitle "Corr 2008"]
[Source "ChessBase"]
[SourceDate "2008.06.24"]
[SourceVersion "1"]
[SourceVersionDate "2008.06.24"]
[SourceQuality "1"]

1. d4 d6 2. Nf3 Bg4 3. c4 Nd7 4. Qb3 Rb8 5. h3 Bxf3 6. Qxf3 g6 7. Nc3 Bg7 8. Qd3 c5 9. e3 cxd4 10. exd4 Qb6 11. Be3 Qxb2 12. Rb1 Qa3 13. Be2 Ngf6 14. 0-0 Qa5 15. Bf3 0-0 16. Bxb7 Qc7 17. Bf3 a6 18. Rb3 e5 19. Rd1 Rfe8 20. dxe5 Nxe5 21. Qxd6 Qxd6 22. Rxd6 Nxc4 23. Rxb8 Nxd6 24. Rxe8+ Nfxe8 25. Nd5 Nb5 26. Be2 Nf6 27. Nb4 a5 28. Bxb5 axb4 29. Bc6 Nh5 30. Kf1 Be5 31. Ke2 Nf4+ 32. Kf3 Ne6 33. Ke4 Bc3 34. Bd7 Ng7 35. Kd3 Be1 36. Bd4 Kf8 37. Bc5+ Kg8 38. Kc4 f5 39. Bxb4 Bxf2 40. a4 Kf7 41. a5 Ne8 42. Bc5 Bg3 43. Bxe8+ Kxe8 44. a6 Bb8 45. Kd5 Kd7 46. a7 Bxa7 47. Bxa7 Ke7 48. Ke5 Kf7 49. Kf4 Kf6 50. Bd4+ Ke6 51. h4 h6 52. Bg7 h5 53. Kg5 Kf7 54. Bc3 1-0

[Event "IECG WC.2005.T.00006 email"]
[Site "IECG email"]
[Date "2004.12.15"]
[Round "?"]
[White "Niessen, Thomas"]
[Black "Sukhov, Nick"]
[Result "1-0"]
[WhiteElo "2467"]
[BlackElo "2416"]
[PlyCount "83"]
[EventDate "2004.12.15"]
[EventType "tourn (corr)"]
[EventRounds "10"]
[SourceTitle "Corr 2008"]
[Source "ChessBase"]
[SourceDate "2008.06.24"]
[SourceVersion "1"]
[SourceVersionDate "2008.06.24"]
[SourceQuality "1"]

1. d4 d5 2. c4 dxc4 3. Nf3 Nf6 4. e3 Bg4 5. Bxc4 e6 6. Nc3 Nbd7 7. 0-0 Be7 8. Be2 0-0 9. Qb3 Nb6 10. Rd1 c6 11. e4 Qc7 12. Be3 Rfd8 13. Rac1 Bh5 14. d5 exd5 15. exd5 Bf8 16. Nb5 Qb8 17. dxc6 Rxd1+ 18. Bxd1 bxc6 19. Nbd4 c5 20. Nc6 Qc7 21. Nfe5 Re8 22. Bxh5 Nxh5 23. Bxc5 Nf4 24. Kh1 Rxe5 25. Nxe5 Qxe5 26. Bxf8 Qe4 27. f3 Qe2 28. Qc2 Qxc2 29. Rxc2 Kxf8 30. a4 Ke8 31. Rc7 a5 32. Rc5 Nd3 33. Rxa5 Nxb2 34. Re5+ Kd8 35. a5 Nd7 36. a6 Nc4 37. a7 Ncb6 38. Re3 g6 39. g4 Kc7 40. Re7 f6 41. Rxh7 g5 42. f4 1-0

[Event "IECG WC.2005.T.00006 email"]
[Site "IECG email"]
[Date "2004.12.15"]
[Round "?"]
[White "Simmelink, Joop Theo"]
[Black "Niessen, Thomas"]
[Result "1/2-1/2"]
[WhiteElo "2310"]
[BlackElo "2467"]
[PlyCount "94"]
[EventDate "2004.12.15"]
[EventType "tourn (corr)"]
[EventRounds "10"]
[SourceTitle "Corr 2008"]
[Source "ChessBase"]
[SourceDate "2008.06.24"]
[SourceVersion "1"]
[SourceVersionDate "2008.06.24"]
[SourceQuality "1"]

1. e4 c5 2. Nf3 d6 3. d4 cxd4 4. Nxd4 Nf6 5. Nc3 a6 6. Rg1 b5 7. g4 Bb7 8. Bg2 Nfd7 9. a4 bxa4 10. Rxa4 Nb6 11. Rb4 e5 12. Nf5 d5 13. Rb3 d4 14. Nd5 N8d7 15. Nxb6 Nxb6 16. Bd2 Rb8 17. Ba5 Bc8 18. c3 Be6 19. Rxb6 Rxb6 20. Bf1 g6 21. Ne3 Bc5 22. Nc4 Bxc4 23. Bxc4 0-0 24. Bxb6 Qxb6 25. Qc2 Rd8 26. cxd4 Rxd4 27. Kf1 Qb4 28. Bd3 Rd6 29. g5 Bxf2 30. Kxf2 Qd4+ 31. Kg2 Qxd3 32. Qxd3 Rxd3 33. Ra1 h6 34. h4 Re3 35. Ra4 Kg7 36. b3 f5 37. exf5 gxf5 38. Rxa6 hxg5 39. hxg5 Rxb3 40. Kf2 Rb2+ 41. Kf1 Rb4 42. Re6 Re4 43. Kf2 f4 44. Rc6 Re3 45. Rf6 Kh7 46. Re6 Kg8 47. g6 Kf8 1/2-1/2

[Event "IECG WC.2001.F.00001 email"]
[Site "IECG email"]
[Date "2001.12.15"]
[Round "?"]
[White "Niessen, Thomas"]
[Black "Martin, Milan"]
[Result "1/2-1/2"]
[WhiteElo "2454"]
[BlackElo "2455"]
[PlyCount "87"]
[EventDate "2001.12.15"]
[EventType "tourn (corr)"]
[EventRounds "14"]
[SourceTitle "Corr 2008"]
[Source "ChessBase"]
[SourceDate "2008.06.24"]
[SourceVersion "1"]
[SourceVersionDate "2008.06.24"]
[SourceQuality "1"]

1. e4 c5 2. Nf3 d6 3. d4 cxd4 4. Nxd4 Nf6 5. Nc3 a6 6. Be3 Ng4 7. Bg5 h6 8. Bh4 g5 9. Bg3 Bg7 10. h3 Ne5 11. Nf5 Bxf5 12. exf5 Nbc6 13. Nd5 0-0 14. h4 e6 15. Ne3 Qb6 16. hxg5 Qxb2 17. Rb1 Qc3+ 18. Qd2 Qxd2+ 19. Kxd2 hxg5 20. Rxb7 Rfb8 21. Rxb8+ Rxb8 22. Bxa6 Ra8 23. Bb7 Ra7 24. Bxc6 Nxc6 25. Rh5 e5 26. Rxg5 f6 27. Rg4 Rxa2 28. Kd3 Ne7 29. Bh4 Kf7 30. Rb4 Bh6 31. Ng4 Nxf5 32. Bxf6 Kg6 33. Bd8 Bc1 34. Bc7 Ra3+ 35. c3 Ra2 36. Rb1 Bf4 37. g3 Bg5 38. Rb8 Kh5 39. Nh2 Nh6 40. Nf3 Rxf2 41. Nxg5 Kxg5 42. Bxd6 Rf3+ 43. Kd2 Nf7 44. Rg8+ 1/2-1/2

[Event "IECG WC.2001.F.00001 email"]
[Site "IECG email"]
[Date "2001.12.15"]
[Round "?"]
[White "Pecha, Martin"]
[Black "Niessen, Thomas"]
[Result "0-1"]
[WhiteElo "2349"]
[BlackElo "2454"]
[PlyCount "114"]
[EventDate "2001.12.15"]
[EventType "tourn (corr)"]
[EventRounds "14"]
[SourceTitle "Corr 2008"]
[Source "ChessBase"]
[SourceDate "2008.06.24"]
[SourceVersion "1"]
[SourceVersionDate "2008.06.24"]
[SourceQuality "1"]

1. e4 c5 2. Nf3 d6 3. d4 cxd4 4. Nxd4 Nf6 5. Nc3 Nc6 6. Bg5 e6 7. Qd2 a6 8. 0-0-0 Bd7 9. f3 Be7 10. g4 d5 11. Nxc6 Bxc6 12. Qe1 0-0 13. h4 Re8 14. e5 Nd7 15. f4 f6 16. exf6 Bxf6 17. Ne2 e5 18. Bxf6 Nxf6 19. g5 Ng4 20. fxe5 Ne3 21. Rd4 Rxe5 22. Nf4 Qe7 23. Qc3 Nf5 24. Rd1 Rf8 25. Bg2 Ne3 26. Nd3 Re6 27. Bh3 Rd6 28. Rhe1 Nxd1 29. Qd4 Qc7 30. Rxd1 Be8 31. Bg4 Bg6 32. h5 Bxd3 33. Qxd3 Qf7 34. Qd4 Qf4+ 35. Qxf4 Rxf4 36. Rg1 Rf2 37. Re1 Rc6 38. Bd1 Rf5 39. Rg1 g6 40. h6 Rf2 41. Re1 Kf7 42. Re3 Rc7 43. a4 Re7 44. Rd3 Ke6 45. c3 Rg2 46. Rxd5 Kxd5 47. Bf3+ Ke5 48. Bxg2 Kf4 49. b4 Kxg5 50. c4 Kxh6 51. c5 Kg5 52. Kd2 Kf6 53. b5 axb5 54. axb5 Rc7 55. c6 bxc6 56. bxc6 Ke5 57. Ke3 Kd6 0-1

[Event "IECG WC.2001.F.00001 email"]
[Site "IECG email"]
[Date "2001.12.15"]
[Round "?"]
[White "Sinka, Istvan"]
[Black "Niessen, Thomas"]
[Result "1-0"]
[WhiteElo "2542"]
[BlackElo "2454"]
[PlyCount "53"]
[EventDate "2001.12.15"]
[EventType "tourn (corr)"]
[EventRounds "14"]
[SourceTitle "Corr 2008"]
[Source "ChessBase"]
[SourceDate "2008.06.24"]
[SourceVersion "1"]
[SourceVersionDate "2008.06.24"]
[SourceQuality "1"]

1. e4 c5 2. Nf3 d6 3. d4 cxd4 4. Nxd4 Nf6 5. Nc3 Nc6 6. f3 e6 7. Be3 a6 8. Qd2 Qc7 9. 0-0-0 Ne5 10. g4 h6 11. h4 b5 12. Rg1 Nfd7 13. f4 Nc4 14. Bxc4 Qxc4 15. b3 Qc7 16. f5 Ne5 17. Kb1 Bd7 18. Nce2 a5 19. Nf4 Qc8 20. g5 hxg5 21. hxg5 a4 22. g6 exf5 23. gxf7+ Kxf7 24. Nd5 axb3 25. cxb3 Qb7 26. Qg2 Rh4 27. Qg5 1-0

[Event "IECG WC.2002.T.00006 email"]
[Site "IECG email"]
[Date "2001.06.15"]
[Round "?"]
[White "Niessen, Thomas"]
[Black "Schmitzer, Klaus"]
[Result "1-0"]
[WhiteElo "2455"]
[BlackElo "2405"]
[PlyCount "59"]
[EventDate "2001.06.15"]
[EventType "tourn (corr)"]
[EventRounds "10"]
[SourceTitle "Corr 2008"]
[Source "ChessBase"]
[SourceDate "2008.06.24"]
[SourceVersion "1"]
[SourceVersionDate "2008.06.24"]
[SourceQuality "1"]

1. e4 c6 2. d4 d5 3. e5 Bf5 4. Nf3 e6 5. Be2 Ne7 6. 0-0 h6 7. b3 c5 8. dxc5 Nec6 9. Be3 Nd7 10. c4 dxc4 11. Na3 c3 12. Qc1 Nxc5 13. Qxc3 Ne4 14. Qc1 Bxa3 15. Qxa3 Nc3 16. Bc4 Qa5 17. Qb2 Nd5 18. Bxd5 Qxd5 19. Qa3 Rd8 20. Rac1 Bg4 21. Nd2 Be2 22. Rfe1 Bd3 23. Bc5 Nxe5 24. Be7 Ra8 25. Rc7 Nd7 26. Bh4 g5 27. Bg3 Rh7 28. Nc4 Bxc4 29. bxc4 Qd2 30. f4 1-0

[Event "IECG WC.2002.T.00006 email"]
[Site "IECG email"]
[Date "2001.06.15"]
[Round "?"]
[White "Timar, Zsolt"]
[Black "Niessen, Thomas"]
[Result "1/2-1/2"]
[WhiteElo "2245"]
[BlackElo "2455"]
[PlyCount "66"]
[EventDate "2001.06.15"]
[EventType "tourn (corr)"]
[EventRounds "10"]
[SourceTitle "Corr 2008"]
[Source "ChessBase"]
[SourceDate "2008.06.24"]
[SourceVersion "1"]
[SourceVersionDate "2008.06.24"]
[SourceQuality "1"]

1. d4 Nf6 2. c4 g6 3. Nc3 Bg7 4. g3 0-0 5. Bg2 d6 6. Nf3 Nc6 7. 0-0 a6 8. d5 Na5 9. Nd2 c5 10. Qc2 Rb8 11. b3 b5 12. Bb2 Bh6 13. f4 bxc4 14. bxc4 e5 15. dxe6 Bxe6 16. Nd5 Rxb2 17. Qxb2 Bg7 18. Qc1 Ng4 19. Rb1 Re8 20. e4 Bd4+ 21. Kh1 Nf2+ 22. Rxf2 Bxf2 23. Nf3 Bd4 24. Nxd4 cxd4 25. Qc2 f5 26. Qd3 Nc6 27. Rb7 Na5 28. Rb2 Bxd5 29. cxd5 Qc7 30. Rc2 Qb7 31. exf5 Re1+ 32. Bf1 Qxd5+ 33. Kg1 gxf5 1/2-1/2

[Event "IECG WC.2000.S.00001 email"]
[Site "IECG email"]
[Date "1999.??.??"]
[Round "?"]
[White "Neven, Knut G"]
[Black "Niessen, Thomas"]
[Result "1/2-1/2"]
[WhiteElo "2355"]
[BlackElo "2467"]
[PlyCount "76"]
[EventDate "1999.05.08"]
[EventType "tourn (corr)"]
[EventRounds "10"]
[SourceTitle "Corr 2008"]
[Source "ChessBase"]
[SourceDate "2008.06.24"]
[SourceVersion "1"]
[SourceVersionDate "2008.06.24"]
[SourceQuality "1"]

1. d4 f5 2. Bg5 g6 3. Nc3 d5 4. h4 Bg7 5. Nh3 c6 6. Qd3 Nd7 7. 0-0-0 Qb6 8. f3 e5 9. Be3 Ngf6 10. dxe5 Nxe5 11. Qd4 Nc4 12. Qxb6 axb6 13. Bd4 0-0 14. e4 fxe4 15. Bxc4 dxc4 16. fxe4 b5 17. a3 b4 18. axb4 Ra1+ 19. Kd2 Nxe4+ 20. Nxe4 Rxd1+ 21. Rxd1 Bxd4 22. c3 Bb6 23. Re1 Kg7 24. Nc5 Rd8+ 25. Kc1 Bxc5 26. bxc5 Bxh3 27. gxh3 Rd3 28. Re4 Rxh3 29. Rxc4 Rd3 30. Re4 Rd7 31. b4 Kf6 32. Kc2 Kf5 33. Re1 h6 34. c4 g5 35. hxg5 hxg5 36. Rf1+ Ke4 37. Re1+ Kf3 38. Rf1+ Ke4 1/2-1/2

[Event "IECG WC.2000.S.00001 email"]
[Site "IECG email"]
[Date "1999.??.??"]
[Round "?"]
[White "Rovan, Ernesto"]
[Black "Niessen, Thomas"]
[Result "1/2-1/2"]
[WhiteElo "1348"]
[BlackElo "2467"]
[PlyCount "98"]
[EventDate "1999.05.08"]
[EventType "tourn (corr)"]
[EventRounds "10"]
[SourceTitle "Corr 2008"]
[Source "ChessBase"]
[SourceDate "2008.06.24"]
[SourceVersion "1"]
[SourceVersionDate "2008.06.24"]
[SourceQuality "1"]

1. e4 e6 2. d4 d5 3. Nd2 c5 4. dxc5 Bxc5 5. exd5 exd5 6. Nb3 Bb6 7. Nf3 Nc6 8. Bb5 Nge7 9. 0-0 0-0 10. Re1 Nf5 11. a4 Nh4 12. Nxh4 Qxh4 13. Be3 d4 14. g3 Qf6 15. Bf4 g5 16. a5 Bxa5 17. Nxa5 gxf4 18. Bxc6 bxc6 19. Qf3 Rb8 20. Nxc6 Rxb2 21. Ne7+ Kh8 22. Rxa7 Rxc2 23. Nd5 Qf5 24. Nxf4 Be6 25. Qe4 Qxe4 26. Rxe4 d3 27. Nxd3 Bf5 28. Re3 Bxd3 29. Rxd3 Kg7 30. Kg2 Rc6 31. f4 Rf6 32. Kf3 Rb8 33. Re7 Rb4 34. Rdd7 Ra4 35. Ra7 Rb4 36. h4 Rb3+ 37. Re3 Rxe3+ 38. Kxe3 h5 39. Ra5 Kg6 40. Rg5+ Kh6 41. Ke4 Ra6 42. f5 Ra4+ 43. Ke5 Ra6 44. Rg8 Kh7 45. Rb8 Kg7 46. Rb4 Ra3 47. Kf4 Kf6 48. Rb6+ Kg7 49. Kg5 Rxg3+ 1/2-1/2

[Event "IECG W-ch1 email"]
[Site "IECG email"]
[Date "1997.??.??"]
[Round "?"]
[White "Niessen, Thomas"]
[Black "Gambaeck, Bjoern Karl Niklas"]
[Result "1-0"]
[WhiteElo "2495"]
[BlackElo "2403"]
[PlyCount "71"]
[EventDate "1997.??.??"]
[EventType "tourn (corr)"]
[EventRounds "8"]
[EventCategory "10"]
[SourceTitle "Corr 2004"]
[Source "ChessBase"]
[SourceDate "2003.04.28"]
[SourceVersion "3"]
[SourceVersionDate "2003.04.28"]
[SourceQuality "1"]

1. d4 d5 2. c4 e6 3. Nf3 c5 4. cxd5 exd5 5. g3 Nc6 6. Bg2 Nf6 7. 0-0 Be7 8. Nc3 0-0 9. Bg5 cxd4 10. Nxd4 h6 11. Be3 Re8 12. Rc1 Bf8 13. a3 Ne5 14. Qb3 Be6 15. Rfd1 Qd7 16. Nxe6 fxe6 17. Bd4 Nf7 18. Bxf6 gxf6 19. e4 d4 20. Nb5 Rec8 21. Rxc8 Rxc8 22. Nxd4 Rd8 23. Bf3 Ng5 24. Bg4 Qe7 25. Qe3 Kh8 26. Rc1 Qd7 27. Nf3 Nxf3+ 28. Qxf3 Kg7 29. Qb3 Re8 30. Bh5 Rd8 31. Rd1 Bd6 32. e5 fxe5 33. Qc2 Kh8 34. Qg6 Qg7 35. Qxe6 Qf8 36. Bf7 1-0

[Event "IECG W-ch1 email"]
[Site "IECG email"]
[Date "1997.??.??"]
[Round "?"]
[White "Pecha, Martin"]
[Black "Niessen, Thomas"]
[Result "1-0"]
[WhiteElo "2327"]
[BlackElo "2495"]
[PlyCount "65"]
[EventDate "1997.??.??"]
[EventType "tourn (corr)"]
[EventRounds "8"]
[EventCategory "10"]
[SourceTitle "Corr 2004"]
[Source "ChessBase"]
[SourceDate "2003.04.28"]
[SourceVersion "3"]
[SourceVersionDate "2003.04.28"]
[SourceQuality "1"]

1. e4 c5 2. Nf3 e6 3. d4 cxd4 4. Nxd4 Nc6 5. Nc3 Qc7 6. Be2 Nf6 7. 0-0 a6 8. Be3 d6 9. f4 Be7 10. a4 0-0 11. Kh1 Re8 12. Bf3 Bd7 13. Nb3 b6 14. g4 Bc8 15. g5 Nd7 16. Bg2 Bb7 17. Rf3 g6 18. Rh3 Nb4 19. Nc1 d5 20. e5 Red8 21. Nb3 Rac8 22. Nd4 Bc5 23. Rc1 Nc6 24. Nce2 Be7 25. Qe1 Nxd4 26. Bxd4 Bc6 27. Qh4 Nf8 28. Nc3 Rb8 29. Bf3 Rdc8 30. Nd1 Bxa4 31. Ne3 Bc5 32. Bxc5 bxc5 33. b3 1-0

[Event "IECG W-ch1 email"]
[Site "IECG email"]
[Date "1997.??.??"]
[Round "?"]
[White "Sasata, Robert"]
[Black "Niessen, Thomas"]
[Result "0-1"]
[WhiteElo "2420"]
[BlackElo "2495"]
[PlyCount "96"]
[EventDate "1997.??.??"]
[EventType "tourn (corr)"]
[EventRounds "8"]
[EventCategory "10"]
[SourceTitle "Corr 2004"]
[Source "ChessBase"]
[SourceDate "2003.04.28"]
[SourceVersion "3"]
[SourceVersionDate "2003.04.28"]
[SourceQuality "1"]

1. e4 c5 2. d4 cxd4 3. c3 dxc3 4. Nxc3 Nc6 5. Nf3 d6 6. Bc4 a6 7. b4 e6 8. a3 Nf6 9. Qe2 Be7 10. 0-0 Bd7 11. Rd1 Rc8 12. Bd2 Ng4 13. Rac1 Nge5 14. Ba2 Nxf3+ 15. Qxf3 0-0 16. Bf4 e5 17. Be3 Be6 18. Nd5 Bg5 19. Rc3 Bxe3 20. Qxe3 Nd4 21. Rxc8 Bxc8 22. Nc3 Be6 23. Bxe6 fxe6 24. Ne2 Nxe2+ 25. Qxe2 Qd7 26. Qd2 Rd8 27. f4 exf4 28. Qxf4 h6 29. h3 Qf7 30. Qg3 Qe7 31. Rc1 Qe8 32. Rc3 Rd7 33. Kh2 d5 34. exd5 exd5 35. Re3 Qf7 36. Rf3 Qe7 37. Re3 Qf7 38. Rf3 Qe8 39. Re3 Re7 40. Rd3 Qc6 41. Qh4 Qc7+ 42. Qg3 Qe5 43. Qxe5 Rxe5 44. Rf3 Re6 45. Kg3 Rg6+ 46. Kh2 Rf6 47. Rd3 Rd6 48. Rf3 g5 0-1

[Event "IECG W-ch1 email"]
[Site "IECG email"]
[Date "1996.??.??"]
[Round "?"]
[White "Niessen, Thomas"]
[Black "Heutgens, Dietmar"]
[Result "1/2-1/2"]
[WhiteElo "2495"]
[BlackElo "2309"]
[PlyCount "50"]
[EventDate "1996.01.??"]
[EventType "tourn (corr)"]
[EventRounds "8"]
[EventCategory "10"]
[SourceTitle "Corr 2008"]
[Source "ChessBase"]
[SourceDate "2008.06.24"]
[SourceVersion "1"]
[SourceVersionDate "2008.06.24"]
[SourceQuality "1"]

1. e4 e5 2. Nf3 Nc6 3. Bb5 a6 4. Ba4 Nf6 5. 0-0 b5 6. Bb3 Be7 7. Re1 0-0 8. a4 Bb7 9. d3 d6 10. c3 Nd7 11. Nbd2 Nc5 12. axb5 axb5 13. Rxa8 Bxa8 14. Bc2 Ne6 15. b4 d5 16. exd5 Qxd5 17. Qe2 Rd8 18. Qe4 Qxe4 19. dxe4 Nf4 20. Nb3 Nd3 21. Rd1 Nxc1 22. Rxd8+ Nxd8 23. Nxc1 f6 24. Nb3 Ne6 25. Kf1 Bc6 1/2-1/2